Figure Out The Lyrics (Miley Cyrus) Quiz Stats

 Plays Quiz not verified by Sporcle

Challenge
Share
Tweet
Embed
Score 0/200 Timer 10:00
0 Plays Today
% Correct
and
88.3%
a
88.3%
a
88.3%
The
88.3%
The
88.3%
and
88.3%
a
88.3%
the
88.3%
The
88.3%
you
82.5%
you
82.5%
you
82.5%
you
82.5%
you
82.5%
you
82.5%
you
82.5%
you
82.5%
you
82.5%
you
82.5%
you
82.5%
you
82.5%
be
70.1%
me
68.4%
me
68.4%
me
68.4%
me
68.4%
me
68.4%
we
68.2%
to
64%
to
64%
to
64%
to
64%
to
64%
to
64%
can't
61.1%
can't
61.1%
can't
61.1%
can't
61.1%
cant
61.1%
my
58.5%
my
58.5%
My
58.5%
My
58.5%
on
57.8%
in
57.7%
in
57.7%
I
57.2%
I
57.2%
I
57.2%
I
57.2%
I
57.2%
I
57.2%
I
57.2%
I
57.2%
I
57.2%
I
57.2%
I
57.2%
I
57.2%
I
57.2%
I
57.2%
I
57.2%
I
57.2%
I
57.2%
is
53.5%
when
53.4%
when
53.4%
when
53.4%
% Correct
when
53.4%
When
53.4%
when
53.4%
I'm
52.8%
I'm
52.8%
I'm
52.8%
I'm
52.8%
I'm
52.8%
see
52.5%
see
52.5%
see
52.5%
see
52.5%
see
52.5%
that
49.2%
That
49.2%
it
48.8%
of
48%
just
47.3%
just
47.3%
just
47.3%
will
47%
will
47%
heart
46.7%
heart
46.7%
like
46.4%
like
46.4%
got
46.3%
got
46.3%
got
46.3%
your
46.3%
got
46.3%
what
45.3%
what
45.3%
out
44.7%
out
44.7%
out
44.7%
time
44.2%
time
44.2%
time
44.2%
again
44.1%
again
44.1%
again
44.1%
again
44.1%
I've
43.8%
I've
43.8%
I've
43.8%
tamed
43.7%
never
43.4%
best
43.3%
were
43.2%
wait
43.2%
wait
43.2%
wait
43.2%
wait
43.2%
set
39.8%
last
39.4%
last
39.4%
friend
39.4%
ready
39.2%
said
38.8%
Miley
38.1%
down
38%
down
38%
have
37.8%
then
37.7%
with
37.6%
being
37.5%
% Correct
this
37.4%
this
37.4%
Now
37.3%
Now
37.3%
not
36.9%
But
36.8%
She's
36.5%
something
36.4%
something
36.4%
knew
35.7%
looking
35.3%
looking
35.3%
freaked
35%
freaked
35%
feel
34.9%
life
34.9%
kept
34.4%
kept
34.4%
way
34.1%
eyes
34.1%
name
33.9%
sights
33.6%
next
33.4%
special
33.3%
asked
33.3%
asked
33.3%
asked
33.3%
asked
33.3%
right
32.7%
myself
31.6%
hang
31.6%
Leslie
31%
thinking
31%
couldn't
31%
aim
30.2%
spoke
30.1%
felt
29.9%
Felt
29.9%
wrong
29.8%
redeem
29.6%
another
29.4%
looked
29%
what's
29%
mind
28.6%
knowing
28.1%
deep
27.9%
deep
27.9%
rest
27.9%
bout
27.2%
night
27%
must
26.6%
known
26.3%
till
25.8%
connection
25.4%
called
24.9%
feeling
24.4%
crazy
23.9%
reader
23.9%
tomorrow
23.5%
Cause
23%
signs
22.9%
reading
22.7%
inside
22.6%
st-st-stuttered
14.6%
st-st-stuttered
14.6%
breather
6.9%

You're not logged in!

Compare scores with friends on all Sporcle quizzes.
Join for Free
OR
Log In

You Might Also Like...

Show Comments

Extras

Top Quizzes Today


Score Distribution

Your Account Isn't Verified!

In order to create a playlist on Sporcle, you need to verify the email address you used during registration. Go to your Sporcle Settings to finish the process.

Report this User

Report this user for behavior that violates our Community Guidelines.

Details: